000 00933nam a22002417a 4500
005 20100802141925.0
010 _aENG-97573
020 _a9788184501957
_c1500.00
035 _aEN-81106
037 _bDBAD/PUB
082 _a362.10954
100 _aGoel, S. L.
_94251
245 _aPrimary/rural health care system and hospital administration /
_cby S. L. Goel
260 _aNew Delhi
_bDeep & Deep Publications
_c2010
270 _aF-159, Rajouri Garden, Tihar Village
_bNew Delhi
_e110018
300 _axvii,327p.:
_bill.
_c25cm (Hb)
500 _aIncludes bibliographical references and index
650 _aHealth Services Administration
_zIndia
_94252
650 _aMedical Care
_94253
650 _aMedical Policy
_94254
942 _2ddc
_cEN
_h362.10954
_mGOE
999 _c38670
_d38670